| 000 | 00509nam a22001937a 4500 | ||
|---|---|---|---|
| 003 | OSt | ||
| 008 | 260623b |||||||| |||| 00| 0 eng d | ||
| 020 | _a9781786390837 | ||
| 082 |
_a592.57 _bP46C |
||
| 245 |
_aCyst Nematodes / _cedited by Roland N. Perry, Maurice Moens and John T. Jones |
||
| 260 |
_a.- UK _b: CABI _c, 2018 |
||
| 300 | _axxiii,464p. | ||
| 650 | _aPure Sciences | ||
| 650 | _aAnimals | ||
| 650 | _aNematoda | ||
| 700 | _aMoens, Maurice. | ||
| 700 | _aJones, John T. | ||
| 942 |
_2ddc _cBK |
||
| 999 |
_c52238 _d52238 |
||